| 000 | 00520nam a2200181Ia 4500 | ||
|---|---|---|---|
| 999 |
_c30149 _d30149 |
||
| 003 | OSt | ||
| 005 | 20210112101158.0 | ||
| 008 | 190216s9999||||xx |||||||||||||| ||und|| | ||
| 040 | _coclc | ||
| 082 |
_a100 _bKES/U |
||
| 100 |
_aKesavapillai, Inchakkadu K N _98222 |
||
| 245 | 0 |
_aUpanishad Darsanam / _cInchakkad K N Kesavapillai |
|
| 250 | _a1st Ed. | ||
| 260 |
_bAbhiram Publication, _c2014. _aKottayam: |
||
| 300 | _a799p | ||
| 650 | _aUpanisath | ||
| 942 |
_cBK _2ddc _h100 _iKES/U _k100 _mKES/U |
||